Elementary mechanics of solids (Record no. 4447)

000 -LEADER
fixed length control field 00558nam a2200217 a 4500
001 - CONTROL NUMBER
control field 4447
003 - CONTROL NUMBER IDENTIFIER
control field BD-DhUET
008 - FIXED-LENGTH DATA ELEMENTS--GENERAL INFORMATION
fixed length control field 810420t19811980nyua b 001 0 eng
020 ## - INTERNATIONAL STANDARD BOOK NUMBER
International Standard Book Number 085226819X
040 ## - CATALOGING SOURCE
Original cataloging agency DLC
Transcribing agency DLC
Modifying agency BD-DhUET
082 ## - DEWEY DECIMAL CLASSIFICATION NUMBER
Classification number 531
Item number SIN/1980
100 ## - MAIN ENTRY--PERSONAL NAME
Personal name Singh, Pashupati Nath
245 10 - TITLE STATEMENT
Title Elementary mechanics of solids
250 ## - EDITION STATEMENT
Edition statement 1st ed.
260 ## - PUBLICATION, DISTRIBUTION, ETC. (IMPRINT)
Place of publication, distribution, etc. New Delhi
Name of publisher, distributor, etc. Wiley Eastern
Date of publication, distribution, etc. 1980
300 ## - PHYSICAL DESCRIPTION
Extent xvi, 616p.
Other physical details ill.
504 ## - BIBLIOGRAPHY, ETC. NOTE
Bibliography, etc Includes bibliographies
650 #0 - SUBJECT ADDED ENTRY--TOPICAL TERM
Topical term or geographic name as entry element Mechanics of solids
700 ## - ADDED ENTRY--PERSONAL NAME
Personal name Jha, Prem Kumar
942 ## - ADDED ENTRY ELEMENTS (KOHA)
Koha item type General Book
Holdings
Location (home branch) Copy number Sublocation or collection (holding branch) Koha date last seen Lost status Not for loan Koha item type Damaged status Koha normalized classification for sorting Shelving location Piece designation (barcode) Withdrawn status Koha full call number Price effective from Date acquired Source of classification or shelving scheme
Central Library, BUET1Central Library, BUET2014-11-16  General Book 531_000000000000000_SIN_1980Circulation section59249 531/SIN/19802014-11-162014-11-16 
Central Library, BUET2Central Library, BUET2015-03-10  General Book 531_000000000000000_SIN_1980Circulation section59250 531/SIN/19802015-03-102015-03-10 
Central Library, BUET3Central Library, BUET2015-03-10  General Book 531_000000000000000_SIN_1980Circulation section59252 531/SIN/19802015-03-102015-03-10 
Central Library, BUET4Central Library, BUET2015-03-10  General Book 531_000000000000000_SIN_1980Circulation section59245 531/SIN/19802015-03-102015-03-10 
Central Library, BUET5Central Library, BUET2015-03-10  General Book 531_000000000000000_SIN_1980Circulation section59246 531/SIN/19802015-03-102015-03-10 
Central Library, BUET6Central Library, BUET2015-03-11  General Book 531_000000000000000_SIN_1980   531/SIN/19802015-03-112015-03-11 
Central Library, BUET7Central Library, BUET2015-03-11  General Book 531_000000000000000_SIN_1980Circulation section59248 531/SIN/19802015-03-112015-03-11 
Central Library, BUET8Central Library, BUET2015-03-11  General Book 531_000000000000000_SIN_1980Circulation section57348 531/SIN/19802015-03-112015-03-11 
Central Library, BUET9Central Library, BUET2016-03-27  General Book 531_000000000000000_SIN_1980Circulation section55367 531/SIN/19802015-03-222015-03-22 
Central Library, BUET10Central Library, BUET2015-06-08  Reading Item 531_000000000000000_SIN_1980Reading section59244 531/SIN/19802015-06-082015-06-08 
Central Library, BUET11Central Library, BUET2015-06-08  Reading Item 531_000000000000000_SIN_1980Reading section59243 531/SIN/19802015-06-082015-06-08